| 000 | 00896nam a2200253Ia 4500 | ||
|---|---|---|---|
| 003 | OSt | ||
| 005 | 20220923230631.0 | ||
| 006 | a|||||r|||| 00| 0 | ||
| 007 | ta | ||
| 008 | 220922b |||||||| |||| 00| 0 hin d | ||
| 024 | _a286,258 | ||
| 037 | _cTextual | ||
| 040 |
_aARTS _cARTS _bhin |
||
| 041 |
_2hin _ahin |
||
| 082 | _aY72:1.2, L0 | ||
| 100 |
_aउप्रेती, हरिशचन्द्र _9156285 |
||
| 245 | 0 | _aभारतीय जनजातियॉं | |
| 246 | _aBhāratīya janajātiyaॉan | ||
| 260 |
_aजयपुर _b सामाजिक विज्ञान हिन्दी रचना केन्द्र _c1970 |
||
| 300 |
_a170पृ. _ccm. |
||
| 650 | _aभारतीय-लोक साहित्य | ||
| 942 |
_hY72:1.2, L0 _cTEXL _2CC |
||
| 999 |
_c386192 _d386192 |
||